000
00521nam a2200133Ia 4500
008
100328s9999 xx 000 0 und d
082
_b
10135
100
_a
सुर्वे सदानंद हरिश्चंद्र
245
_a
संगीत प्रतिज्ञा-साफल्य
260
_b
कु.ह.सुर्वे
630
_a
संगीत प्रतिज्ञा-साफल्य
730
_a
संगीत प्रतिज्ञा-साफल्य
942
_c
BOOK
999
_c
505668
_d
505665